Geboren in Lausanne - Statistiken

Allgemein
  • Dieses Quiz wurde 5 mal gespielt
  • Das Durchschnittsergebnis liegt bei 3 aus 14
Antwortstatistiken
Hinweis Antwort % Korrekt
Tennisspieler und dreifacher Grand Slam Sieger 1985 Stan Wawrinka
75%
Trainer des FC Lausanne und ehemaliger Fußballnationalspieler (Stuttgart und Bremen) 1979 Ludovic Magnin
50%
ehemaliger Fußballer, macht mehr als 200 Spiele für Borussia Dortmund und über 100 Spiele für die Schweizer Nationalmannschaft 1969 Stéphane Chapuisat
50%
Schrifsteller, gilt als bedeutendster Vertreter der Schweizer Literatur in französischer Sprache 1878 Charles Ferdinand Ramuz
25%
Prinzessin und älteste Tochter des König von Thailand 1951 Ubol Ratana
25%
italienischer Unternehmer, früherer Fiat-Vorstandschef und Präsident von Juventus Turin 1934 Umberto Agnelli
25%
Schauspieler, "Cyrano von Bergerac" "Indochine" und Regisseur von "Alone in Berlin" 1962 Vincent Perez
25%
kubanisch-französischer Schriftsteller, "Das Reich von dieser Welt" 1904 Alejo Carpentier
0%
Fußballnationalspieler, derzeit von Brighton an den FC Basel verliehen 1999 Andi Zeqiri
0%
Schauspieler, bekannt für seine Rolle als Oskar Matzerath in "Die Blechtrommel" 1966 David Bennent
0%
schweizerisch-französischer Bildhauer und Maler der Belle Époque 1845 Eugène Grasset
0%
einmaliger Schweizer Fußballnationalspieler (Hamburger SV, AS Saint-Étienne und FC Sion) 1992 Léo Lacroix
0%
schweizerisch-italienischer Ingenieur und Teamchef der Scuderia Ferrari von 2019 bis 2022 1969 Mattia Binotto
0%
ehemaliger Tennisspielerin und zweifache French Open Halbfinalistin 1989 Timea Bacsinszky
0%
Keine übereinstimmenden Quizze gefunden
Verteilung der Resultate
Anzahl Personen mit jedem Resultat
Perzentil nach korrekt beantworteten Fragen
Ihre Resultats-Entwicklung
Sie haben dieses Quiz noch nicht gespielt